Honrando a un héroe : (Record no. 193421)

MARC details
000 -LEADER
campo de control de longitud fija 01059nam a22002777i 4500
001 - NÚMERO DE CONTROL
campo de control 193421
003 - IDENTIFICADOR DE NÚMERO DE CONTROL
campo de control ES-MaACL
005 - FECHA Y HORA DE LA ÚLTIMA TRANSACCIÓN
campo de control 20250718181741.0
007 - CAMPO FIJO DE DESCRIPCIÓN FÍSICA--INFORMACIÓN GENERAL
campo de control de longitud fija ta
008 - DATOS DE LONGITUD FIJA--INFORMACIÓN GENERAL
campo de control de longitud fija 231129e1969 sp ||||| |||| 00| 0 spa d
017 ## - NÚMERO DE COPYRIGHT O DE DEPÓSITO LEGAL
Número de copyright o de depósito legal CU 14-1969
Agencia que asigna Oficina Depósito Legal de Cuenca
040 ## - FUENTE DE CATALOGACIÓN
Lengua de catalogación spa
Centro/agencia transcriptor ES-MaACL
080 ## - NÚMERO DE LA CLASIFICACIÓN DECIMAL UNIVERSAL
Número de la Clasificación Decimal Universal 929 Catalán Valero, Gregorio
245 00 - MENCIÓN DEL TÍTULO
Título Honrando a un héroe :
Resto del título homenaje que el pueblo de Osa de la Vega rinde a la memoria de su hijo preclaro Gregorio Catalán Valero [defensor de Baler]
260 ## - PUBLICACIÓN, DISTRIBUCIÓN, ETC.
Lugar de publicación, distribución, etc. Cuenca :
Fabricante (Imp. Falange),
Fecha de publicación, distribución, etc. [1969]
300 ## - DESCRIPCIÓN FÍSICA
Extensión 16 páginas :
Otras características físicas 1 retrato,
Dimensiones 21 cm
336 ## - TIPO DE CONTENIDO
Fuente rdacontent
Término de tipo de contenido Texto
337 ## - TIPO DE MEDIO
Fuente rdamedia
Nombre/término del tipo de medio sin mediación
338 ## - TIPO DE SOPORTE
Fuente rdacarrier
Nombre/término del tipo de soporte volumen
600 14 - PUNTO DE ACCESO ADICIONAL DE MATERIA--NOMBRE DE PERSONA
Nombre de persona Catalán Valero, Gregorio,
Fechas asociadas al nombre 1876-1901
9 (RLIN) 234604
852 ## - LOCALIZACIÓN
Ubicación ES-MaACL
Ubicación en estantería Depósito folletos
Marcas de propiedad Sello del Ayuntamiento de Osa de la Vega (Cuenca)
Donativo/Legado Legado: Juan Antonio Porto
Número de control de estantería 2333-F-27
itemnumber 200882
903 ## - NOMBRE PERSONAL DE DONANTE
a Porto, Juan Antonio,
d 1937-2021
e Donante
q 1
9 93285
942 ## - ELEMENTOS DE ENTRADA SECUNDARIOS (KOHA)
Suprimir en OPAC No
Tipo de ítem Koha Folleto
Holdings
Estatus retirado Estado de pérdida Fuente del sistema de clasificación o colocación Estado de daño No para préstamo Colección Biblioteca de origen Biblioteca actual Ubicación en estantería Fecha de adquisición Fuente de adquisición Total de préstamos Signatura topográfica completa Código de barras Visto por última vez Tipo de ítem Koha
    Clasificación decimal universal     Colección de folletos Biblioteca del Ateneo de Madrid Biblioteca del Ateneo de Madrid Depósito folletos 29/11/2023 Legado   2333-F-27 101206167 29/11/2023 Folleto